000 00590nam a2200205Ia 4500
003 BUBTL
008 151213s9999 xx 000 0 und d
082 _a341/H338i
100 _a Rashid, Barrister Harunur
_93910
245 _aInternational Law:Bangladesh Perspective
_cBarrister Harunur Rashid
250 _a3rd
260 _aDhaka
_bAnupam Gyan Dhander
_cc 2004
300 _a513p . :
_b21 cm.
650 _aLaw
_93911
650 _aLaw
_93911
700 _aBarrister Harunur Rashid
_93912
856 _k0
_l0
_yDownload
942 _2ddc
_cBK
999 _c2233
_d2233